Statistics for Italy Euro 2008 Squad

Click here to take the quiz!

General Stats

  • This quiz has been taken 161 times
  • The average score is 14 of 24

Answer Stats

PositionClubAgeMatchesGoalsAnswer% Correct
GKJuventus Turin3040Gianluigi Buffon
99%
MFAC Milan2931Andrea Pirlo
88%
FWBayern Munich3140Luca Toni
86%
MFAS Roma2431Daniele De Rossi
85%
DFJuventus Turin2330Giorgio Chiellini
83%
FWUdinese3020Antonio Di Natale
82%
FWJuventus Turin3330Alessandro Del Piero
79%
MFAC Milan3020Gennaro Gattuso
76%
DFBarcelona/AC Milan3140Gianluca Zambrotta
75%
DFPalermo/Wolfsburg2710Andrea Barzagli
74%
DFInter Milan3410Marco Materazzi
63%
DFLyon3040Fabio Grosso
58%
FWSampdoria2540Antonio Cassano
54%
MFJuventus Turin3140Mauro Camoranesi
54%
MFAS Roma3030Simone Perrotta
53%
GKLivorno/Palermo2600Marco Amelia
51%
MFAC Milan3140Massimo Ambrosini
50%
FWUdinese2510Fabio Quagliarella
43%
DFAS Roma3541Christian Panucci
40%
GKSevilla3100Morgan de Sanctis
35%
Coach-44--Roberto Donadoni
29%
MFAS Roma2320Alberto Aquilani
28%
FWGenoa CFC/AC Milan2500Marco Borriello
26%
DFFiorentina2600Alessandro Gamberini
13%

Score Distribution

Percentile by Number Answered

Percent of People with Each Score

Your Score History

You have not taken this quiz